| 000 | 00522nam a2200193Ia 4500 | ||
|---|---|---|---|
| 003 | GCL | ||
| 008 | 140319s9999 xx 000 0 eng d | ||
| 040 |
_aGCL / _cGCL |
||
| 082 | 0 | 4 |
_a181.07 _bD H |
| 100 | 1 | _aDE BOER, J. J. | |
| 245 | 1 | 0 |
_aTHE HISTORY OF PHILOSOPHY IN ISLAM / _cDE BOER, J. J. |
| 700 | 1 | _aJONES, EDWARD R. | |
| 260 |
_a[S.N] : _bCURZON PRESS ، _c1994 |
||
| 300 | _a216 P | ||
| 650 | 0 | 4 | _aحوادث المرور |
| 650 | 0 | 4 | _aPHILOSOPHERS - MUSLIM |
| 650 | 0 | 4 | _aPHILOSOPHY - ISLAM |
| 942 |
_2ddc _cBK |
||
| 999 |
_c25572 _d25572 |
||